Vista normal
Vista MARC
Entrada Topical Term
Número de registros utilizados en: 2
001 - CONTROL NUMBER
- control field: 11028
003 - CONTROL NUMBER IDENTIFIER
- control field: OSt
005 - DATE AND TIME OF LATEST TRANSACTION
- control field: 20200930135257.0
008 - FIXED-LENGTH DATA ELEMENTS
- fixed length control field: 200930|| aca||aabn | a|a d
040 ## - CATALOGING SOURCE
- Original cataloging agency: OSt
- Transcribing agency: OSt
150 ## - HEADING--TOPICAL TERM
- Topical term or geographic name entry element: Conflicto armado
- Geographic subdivision: Colombia
- Form subdivision: Congresos
670 ## - SOURCE DATA FOUND
- Source citation: Work cat.: (OSt)0: Seminario las relaciones cívico-militares en tiempos de conflicto armado (2002 sep. 20-22 : Cartagena) 11027, Las relaciones cívico-militares : , c2003.